[Event "zonal 1.2"]
[Site "Pula CRO"]
[Date "2000.04.13"]
[Round "3"]
[White "Avrukh, Boris"]
[Black "Grosar, Aljosa"]
[Result "1/2-1/2"]
[WhiteElo "2620"]
[BlackElo "2449"]
[EventDate "2000.04.11"]
[PlyCount "79"]

1.d4 Nf6 2.c4 e6 3.Nc3 Bb4 4.e3 b6 5.Ne2 Ne4 6.Qc2 Bb7 7.a3 Bxc3+ 8.Nxc3 
f5 9.d5 Nxc3 10.Qxc3 Qe7 11.b4 a5 12.dxe6 dxe6 13.c5 axb4 14.axb4 Rxa1 15.
Qxa1 Bd5 16.Bb5+ c6 17.Be2 O-O 18.O-O bxc5 19.bxc5 Nd7 20.Qa7 Rf7 21.Ba3 
Qg5 22.g3 Nf6 23.Qb8+ Rf8 24.Qe5 Ng4 25.Qf4 Qh5 26.h4 e5 27.Qxe5 Nxe5 28.
Bxh5 Nf3+ 29.Bxf3 Bxf3 30.Bb2 Rb8 31.Bd4 Be4 32.f3 Bd3 33.Rf2 Rb1+ 34.Kg2 
Rc1 35.g4 fxg4 36.fxg4 Rc2 37.Rxc2 Bxc2 38.Kg3 Kf7 39.Kf4 g6 40.Bc3 
1/2-1/2

[Event "zonal 1.2"]
[Site "Pula CRO"]
[Date "2000.04.13"]
[Round "3"]
[White "Zaja, Ivan"]
[Black "Psakhis, Lev"]
[Result "1/2-1/2"]
[WhiteElo "2452"]
[BlackElo "2599"]
[EventDate "2000.04.11"]
[PlyCount "87"]

1.d4 Nf6 2.c4 e6 3.Nc3 Bb4 4.Qc2 O-O 5.Nf3 c5 6.dxc5 Na6 7.a3 Bxc3+ 8.Qxc3
Nxc5 9.Bg5 Nfe4 10.Bxd8 Nxc3 11.Ba5 Nb3 12.Bxc3 Nxa1 13.Nd2 d5 14.e3 Rd8 
15.Bd3 dxc4 16.Bxc4 Bd7 17.Ke2 Nc2 18.Rc1 Ba4 19.b3 Nxa3 20.bxa4 Nxc4 21.
Nxc4 Rac8 22.Na3 Rd5 23.Rc2 b6 24.Bd2 Rxc2 25.Nxc2 e5 26.e4 Rd6 27.Bc3 f6 
28.Nb4 Kf7 29.h4 h5 30.f3 Ke6 31.Nd5 Rd8 32.Kd3 Rc8 33.f4 g6 34.fxe5 fxe5 
35.Nb4 Rf8 36.Nc6 Rf4 37.Nxe5 Rxh4 38.Ke3 g5 39.Nf3 Rg4 40.Nd4+ Kf7 41.Kf3
Rf4+ 42.Ke3 Rg4 43.Kf3 Rf4+ 44.Ke3 1/2-1/2

[Event "zonal 1.2"]
[Site "Pula CRO"]
[Date "2000.04.13"]
[Round "3"]
[White "Mohr, Georg"]
[Black "Gallagher, Joseph"]
[Result "1/2-1/2"]
[WhiteElo "2488"]
[BlackElo "2558"]
[EventDate "2000.04.11"]
[PlyCount "52"]

1.e4 c5 2.Nf3 e6 3.Nc3 a6 4.g3 b5 5.Bg2 Bb7 6.d3 d6 7.O-O Nd7 8.Ng5 Be7 9.
f4 b4 10.Nb1 h6 11.Nh3 Qc7 12.c4 bxc3 13.bxc3 Ngf6 14.c4 h5 15.Nf2 Nb8 16.
Nc3 Nc6 17.f5 Nd4 18.Ne2 Nxe2+ 19.Qxe2 exf5 20.exf5 Bxg2 21.Kxg2 Qc6+ 22.
Qf3 Qxf3+ 23.Kxf3 Rb8 24.Re1 Kd7 25.Re2 Ng4 26.Bb2 Bf6 1/2-1/2

[Event "zonal 1.2"]
[Site "Pula CRO"]
[Date "2000.04.13"]
[Round "3"]
[White "Lutz, Christopher"]
[Black "Kutuzovic, Branko"]
[Result "1-0"]
[WhiteElo "2587"]
[BlackElo "2432"]
[EventDate "2000.04.11"]
[PlyCount "75"]

1.e4 e5 2.Nf3 Nf6 3.Nxe5 d6 4.Nf3 Nxe4 5.d4 d5 6.Bd3 Be7 7.O-O Nc6 8.c4 
Nb4 9.Be2 O-O 10.Nc3 Be6 11.Ne5 f6 12.Nf3 c5 13.Be3 Rc8 14.dxc5 Bxc5 15.
Bxc5 Rxc5 16.Qb3 Nxc3 17.Qxc3 Nc6 18.b4 Rxc4 19.Bxc4 dxc4 20.b5 Qa5 21.Qe1
Qxe1 22.Rfxe1 Nd8 23.Rac1 Kf7 24.a4 Bd5 25.Red1 Bxf3 26.gxf3 Ke7 27.Rxc4 
Ne6 28.Re4 f5 29.Re2 Rf6 30.a5 Rg6+ 31.Kh1 h5 32.h4 Rf6 33.a6 bxa6 34.bxa6
Kf8 35.Rd5 Nf4 36.Rd8+ Kf7 37.Rd7+ Kg6 38.Ra2 1-0

[Event "zonal 1.2"]
[Site "Pula CRO"]
[Date "2000.04.13"]
[Round "3"]
[White "Forster, Richard"]
[Black "Nedev, Trajce"]
[Result "1-0"]
[WhiteElo "2462"]
[BlackElo "2483"]
[EventDate "2000.04.11"]
[PlyCount "41"]

1.e4 c5 2.Nf3 Nc6 3.Nc3 Nf6 4.Bb5 g6 5.h3 Nd4 6.e5 Nxb5 7.Nxb5 Nd5 8.O-O 
Nc7 9.Nxc7+ Qxc7 10.d4 cxd4 11.Qxd4 Bg7 12.Bg5 d6 13.exd6 Bxd4 14.dxc7 Bc5
15.Rad1 Be6 16.Nd4 Bd7 17.Rfe1 e6 18.Bf6 Rf8 19.Nb5 Rc8 20.Rd6 a6 21.Red1 
1-0

[Event "zonal 1.2"]
[Site "Pula CRO"]
[Date "2000.04.13"]
[Round "3"]
[White "Palac, Mladen"]
[Black "Jakubovic, Nedzad"]
[Result "1-0"]
[WhiteElo "2571"]
[BlackElo "2368"]
[EventDate "2000.04.11"]
[PlyCount "81"]

1.e4 e5 2.Nf3 Nc6 3.Bb5 a6 4.Ba4 Nf6 5.O-O Be7 6.Re1 b5 7.Bb3 O-O 8.a4 Bb7
9.d3 d6 10.Bd2 b4 11.c3 bxc3 12.bxc3 Na5 13.Ba2 c5 14.Na3 Rb8 15.Qc2 Qc7 
16.Nc4 h6 17.Nxa5 Qxa5 18.Bc4 Nd7 19.Reb1 Bc6 20.d4 Nf6 21.d5 Bd7 22.Be1 
Rxb1 23.Qxb1 Ra8 24.Bd3 Qc7 25.Nd2 Rb8 26.Qc2 a5 27.Nc4 Bd8 28.Na3 Be8 29.
Bb5 Bxb5 30.axb5 c4 31.Qe2 Rc8 32.f3 Nd7 33.Bf2 Nb6 34.Kf1 Na4 35.Nb1 Nb6 
36.Rxa5 Nxd5 37.Ra7 Qb8 38.exd5 Qxb5 39.Qd1 f5 40.Na3 Qb8 41.Qb1 1-0

[Event "zonal 1.2"]
[Site "Pula CRO"]
[Date "2000.04.13"]
[Round "3"]
[White "Ekstrom, Roland"]
[Black "Feletar, Darko"]
[Result "1/2-1/2"]
[WhiteElo "2498"]
[BlackElo "2410"]
[EventDate "2000.04.11"]
[PlyCount "53"]

1.e4 c5 2.c3 b6 3.d4 Bb7 4.Bd3 Nf6 5.Nd2 cxd4 6.cxd4 Nc6 7.Ne2 g6 8.a3 Bg7
9.O-O O-O 10.b4 e6 11.Bb2 d6 12.Rc1 Ne7 13.b5 Qd7 14.a4 Rfc8 15.Rxc8+ Rxc8
16.Qb1 Ne8 17.Rc1 Bh6 18.Rxc8 Nxc8 19.Nf1 Bg7 20.Ne3 Nc7 21.Qc2 a6 22.bxa6
Bxa6 23.Bxa6 Nxa6 24.Qc4 Nc7 25.Nc3 Na7 26.Kf1 b5 27.axb5 1/2-1/2

[Event "zonal 1.2"]
[Site "Pula CRO"]
[Date "2000.04.13"]
[Round "3"]
[White "Weinzettl, Ernst"]
[Black "Hulak, Krunoslav"]
[Result "0-1"]
[WhiteElo "2402"]
[BlackElo "2495"]
[EventDate "2000.04.11"]
[PlyCount "50"]

1.e4 c5 2.Nf3 e6 3.d4 cxd4 4.Nxd4 a6 5.Nc3 d6 6.Be3 b5 7.f4 Nf6 8.Qf3 Bb7 
9.Bd3 Nbd7 10.O-O Rc8 11.Rae1 Nc5 12.a3 Be7 13.Bf2 O-O 14.Qh3 Nxd3 15.cxd3
Nd7 16.f5 e5 17.f6 Bxf6 18.Nf5 Nc5 19.Qg4 g6 20.Be3 h5 21.Qg3 Kh7 22.Rf3 
Nxd3 23.Ref1 Nf4 24.Bxf4 exf4 25.Qh3 Be5 0-1

[Event "zonal 1.2"]
[Site "Pula CRO"]
[Date "2000.04.13"]
[Round "3"]
[White "Bosnjak, Damir"]
[Black "Sutovsky, Emil"]
[Result "0-1"]
[WhiteElo "2000"]
[BlackElo "2586"]
[EventDate "2000.04.11"]
[PlyCount "214"]

1.e4 c5 2.c3 Nf6 3.d3 d6 4.f4 g6 5.Nf3 Bg7 6.g3 O-O 7.Bg2 Nc6 8.O-O Bg4 9.
h3 Bxf3 10.Qxf3 Rc8 11.Qf2 b5 12.Be3 b4 13.Nd2 Nd7 14.Rfc1 Nb6 15.a4 Na5 
16.cxb4 cxb4 17.Bd4 e5 18.fxe5 Rxc1+ 19.Rxc1 Bxe5 20.b3 Qg5 21.Bxe5 Qxe5 
22.d4 Qe6 23.Qe3 Rc8 24.Rxc8+ Qxc8 25.Qg5 Qc1+ 26.Kh2 Nc6 27.e5 dxe5 28.
dxe5 Nd7 29.Bxc6 Qxc6 30.Nc4 Nf8 31.Qe7 Qf3 32.Nd6 Qe2+ 33.Kg1 Qd1+ 34.Kg2
Qc2+ 35.Kh1 Qxb3 36.Ne8 Qf3+ 37.Kh2 Qf2+ 38.Kh1 Qf1+ 39.Kh2 Qf2+ 40.Kh1 
Qf3+ 41.Kh2 Qe2+ 42.Kg1 Qd1+ 43.Kf2 Qd4+ 44.Kg2 Qd2+ 45.Kg1 Qd4+ 46.Kg2 
Nd7 47.Nf6+ Nxf6 48.exf6 Qb2+ 49.Kh1 Qc1+ 50.Kh2 Qc2+ 51.Kg1 Qb1+ 52.Kh2 
Qa2+ 53.Kg1 Qb1+ 54.Kh2 Qc2+ 55.Kg1 Qc8 56.Qxb4 h5 57.h4 Qa6 58.Qf4 Qb6+ 
59.Kg2 Kh7 60.Kf3 Qc6+ 61.Ke2 Qc2+ 62.Ke3 a5 63.Kf3 Qc6+ 64.Ke3 Qc2 65.Kf3
Qb3+ 66.Ke2 Qc3 67.Kf2 Qd3 68.Ke1 Qc2 69.Kf1 Qb2 70.Ke1 Qc2 71.Kf1 Qc5 72.
Ke2 g5 73.hxg5 Kg6 74.Qb8 Kxg5 75.Qf4+ Kg6 76.Qe4+ Kxf6 77.Qf4+ Qf5 78.
Qh6+ Ke7 79.Qh8 Qg5 80.Qc3 Kd6 81.Qd4+ Qd5 82.Qb6+ Ke5 83.Qc7+ Kd4 84.Qb6+
Kc4 85.Qb1 Qg2+ 86.Ke3 Qxg3+ 87.Ke2 Qe5+ 88.Kf3 f5 89.Qf1+ Kb4 90.Qb1+ 
Kxa4 91.Qa2+ Kb4 92.Qb1+ Ka3 93.Qd3+ Kb4 94.Qb1+ Kc5 95.Qc2+ Kd6 96.Qc8 
Qe4+ 97.Kf2 a4 98.Qd8+ Kc6 99.Qa8+ Kb5 100.Qb8+ Kc4 101.Qc7+ Kb3 102.Qb8+ 
Qb4 103.Qg8+ Qc4 104.Qg3+ Ka2 105.Qd6 a3 106.Qd2+ Kb1 107.Ke3 Qc1 0-1

[Event "zonal 1.2"]
[Site "Pula CRO"]
[Date "2000.04.14"]
[Round "4"]
[White "Beliavsky, Alexander"]
[Black "Kurajica, Bojan"]
[Result "1/2-1/2"]
[WhiteElo "2640"]
[BlackElo "2530"]
[EventDate "2000.04.11"]
[PlyCount "75"]

1.Nf3 c5 2.c4 e6 3.g3 Nc6 4.Bg2 d5 5.cxd5 Qxd5 6.Nc3 Qd8 7.d3 Nf6 8.O-O 
Be7 9.Be3 Ng4 10.Bd2 O-O 11.Rc1 Bd7 12.Ne4 b6 13.Bc3 Rc8 14.Ned2 Bf6 15.
Nc4 Qe7 16.e4 Bxc3 17.bxc3 b5 18.Ncd2 Qd6 19.Nb3 e5 20.Qe2 Rfe8 21.h3 Nf6 
22.Qe3 Nd8 23.Nh4 c4 24.dxc4 bxc4 25.Rfd1 Qb6 26.Qxb6 axb6 27.Nd2 Ba4 28.
Re1 g6 29.Rb1 b5 30.Bf3 Ne6 31.Bd1 Bxd1 32.Rexd1 Nc5 33.Rxb5 Nfxe4 34.Nxe4
Nxe4 35.Rc1 Ra8 36.Rc2 Ra3 37.Nf3 Rxc3 38.Rxe5 1/2-1/2

[Event "zonal 1.2"]
[Site "Pula CRO"]
[Date "2000.04.14"]
[Round "4"]
[White "Smirin, Ilia"]
[Black "Hulak, Krunoslav"]
[Result "0-1"]
[WhiteElo "2665"]
[BlackElo "2495"]
[EventDate "2000.04.11"]
[PlyCount "124"]

1.e4 c5 2.Nf3 e6 3.d4 cxd4 4.Nxd4 a6 5.Nc3 Qc7 6.f4 Bb4 7.Qf3 d5 8.Bd2 Nc6
9.Nxc6 bxc6 10.Bd3 Nf6 11.O-O Bb7 12.Kh1 Be7 13.f5 e5 14.Rae1 Bd6 15.Bg5 
d4 16.Nb1 Nd7 17.a3 a5 18.Nd2 Nb6 19.Qe2 Qc8 20.Rf3 Ba6 21.Rg3 Bxd3 22.
cxd3 Qb7 23.Rc1 c5 24.Bh4 f6 25.Qg4 Ra7 26.Rh3 Qf7 27.Be1 Rb7 28.Qd1 O-O 
29.a4 Rfb8 30.b3 Bf8 31.Qg4 Bd6 32.Bf2 Nc8 33.Rb1 Ne7 34.Rf1 Nc6 35.Be1 
Rxb3 36.Nxb3 Rxb3 37.Qh4 h6 38.Bd2 Kf8 39.Rg3 Ke8 40.Qg4 Bf8 41.Rc1 Ra3 
42.Qd1 Nb4 43.Bxb4 axb4 44.Rf3 Kd8 45.Rf1 Qb3 46.Qxb3 Rxb3 47.Rfd1 Kc7 48.
a5 Kb7 49.Kg1 Ka6 50.Kf1 Ra3 51.Ke2 Ra2+ 52.Rd2 Rxa5 53.Rb2 Kb5 54.Kd2 Ra3
55.Rbb1 Ka4 56.Ra1 c4 57.dxc4 Bc5 58.g4 b3 59.Rxa3+ Kxa3 60.Ra1+ Kb4 61.
Ra8 Kxc4 62.Rc8 d3 0-1

[Event "zonal 1.2"]
[Site "Pula CRO"]
[Date "2000.04.14"]
[Round "4"]
[White "Hickl, Jorg"]
[Black "Lutz, Christopher"]
[Result "1/2-1/2"]
[WhiteElo "2556"]
[BlackElo "2587"]
[EventDate "2000.04.11"]
[PlyCount "53"]

1.Nf3 Nf6 2.g3 g6 3.Bg2 Bg7 4.c4 O-O 5.O-O d5 6.Na3 c5 7.d3 Nc6 8.Rb1 b6 
9.Bg5 Bb7 10.Qd2 Qd7 11.b3 Rfe8 12.Nc2 e5 13.Rfd1 Nd4 14.Nfe1 Nxc2 15.Qxc2
d4 16.b4 Rac8 17.Bxb7 Qxb7 18.bxc5 Rxc5 19.Bxf6 Bxf6 20.Qa4 Rec8 21.Rb5 
Rxb5 22.Qxb5 e4 23.Rb1 Qe7 24.Qb3 Rc5 25.Qc2 exd3 26.exd3 b5 27.Qb3 
1/2-1/2

[Event "zonal 1.2"]
[Site "Pula CRO"]
[Date "2000.04.14"]
[Round "4"]
[White "Pavasovic, Dusko"]
[Black "Huzman, Alexander"]
[Result "1/2-1/2"]
[WhiteElo "2544"]
[BlackElo "2574"]
[EventDate "2000.04.11"]
[PlyCount "30"]

1.e4 c5 2.c3 Nf6 3.e5 Nd5 4.Nf3 d6 5.Bc4 Nb6 6.Bb3 Nc6 7.exd6 c4 8.Bc2 
Qxd6 9.O-O g6 10.b3 Bg7 11.Na3 cxb3 12.axb3 Bg4 13.h3 Bxf3 14.Qxf3 O-O 15.
d4 e5 1/2-1/2

[Event "zonal 1.2"]
[Site "Pula CRO"]
[Date "2000.04.14"]
[Round "4"]
[White "Mitkov, Nikola"]
[Black "Gabriel, Christian"]
[Result "1-0"]
[WhiteElo "2547"]
[BlackElo "2564"]
[EventDate "2000.04.11"]
[PlyCount "63"]

1.e4 e5 2.Bc4 Nf6 3.d3 c6 4.Bb3 d5 5.Nf3 Bd6 6.Nc3 dxe4 7.Nxe4 Nxe4 8.dxe4
Qe7 9.Ng5 O-O 10.Nxh7 Kxh7 11.Qh5+ Kg8 12.Bg5 Qc7 13.Rd1 Nd7 14.Rd3 Nc5 
15.Rg3 Be7 16.Bh6 Bf6 17.Qg6 Qa5+ 18.c3 Qd8 19.Bxg7 Nxb3 20.Qh6 Qd2+ 21.
Qxd2 Nxd2 22.Bxf6+ Kh7 23.Kxd2 Be6 24.Kc2 a5 25.Rd1 Rg8 26.b3 a4 27.Kb2 
axb3 28.axb3 Rxg3 29.hxg3 Ra5 30.f4 exf4 31.gxf4 Bg4 32.Rd8 1-0

[Event "zonal 1.2"]
[Site "Pula CRO"]
[Date "2000.04.14"]
[Round "4"]
[White "Kutuzovic, Branko"]
[Black "Avrukh, Boris"]
[Result "0-1"]
[WhiteElo "2432"]
[BlackElo "2620"]
[EventDate "2000.04.11"]
[PlyCount "62"]

1.e4 d6 2.d4 g6 3.Nc3 Bg7 4.Be3 a6 5.Qd2 b5 6.h4 h6 7.Nge2 Nd7 8.a4 b4 9.
Nd1 c5 10.b3 a5 11.Nb2 Ba6 12.Ng3 Bxf1 13.Rxf1 Ngf6 14.f3 Qc7 15.Ne2 Rc8 
16.O-O-O d5 17.dxc5 dxe4 18.c6 Qxc6 19.Nd4 Qd5 20.Kb1 exf3 21.gxf3 Qh5 22.
Nb5 O-O 23.Nc4 Ne5 24.Nxe5 Qxe5 25.Bd4 Qf5 26.Bb2 Rc5 27.Bd4 Rd5 28.Qe2 
Rc8 29.Bb6 Rxd1+ 30.Rxd1 Nd5 31.Bxa5 Qf6 0-1

[Event "zonal 1.2"]
[Site "Pula CRO"]
[Date "2000.04.14"]
[Round "4"]
[White "Slobodjan, Roman"]
[Black "Mohr, Georg"]
[Result "1/2-1/2"]
[WhiteElo "2566"]
[BlackElo "2488"]
[EventDate "2000.04.11"]
[PlyCount "28"]

1.e4 c5 2.Nf3 e6 3.g3 Nc6 4.Bg2 d5 5.exd5 exd5 6.O-O Nf6 7.d4 cxd4 8.Nxd4 
Be7 9.c4 O-O 10.cxd5 Nxd5 11.Nxc6 bxc6 12.Qa4 Qb6 13.Nc3 Be6 14.Nxd5 cxd5 
1/2-1/2

[Event "zonal 1.2"]
[Site "Pula CRO"]
[Date "2000.04.14"]
[Round "4"]
[White "Sutovsky, Emil"]
[Black "Grosar, Aljosa"]
[Result "1-0"]
[WhiteElo "2586"]
[BlackElo "2449"]
[EventDate "2000.04.11"]
[PlyCount "41"]

1.e4 d6 2.d4 Nf6 3.Nc3 g6 4.Bg5 c6 5.Qd2 b5 6.Bd3 Nbd7 7.f4 b4 8.Nce2 Qb6 
9.Nf3 d5 10.e5 Ne4 11.Qe3 f5 12.exf6 exf6 13.Bxe4 dxe4 14.Qxe4+ Kf7 15.f5 
fxg5 16.Nxg5+ Kg7 17.Ne6+ Kg8 18.O-O Nf6 19.fxg6 Bg7 20.Rxf6 Bxf6 21.Rf1 
1-0

[Event "zonal 1.2"]
[Site "Pula CRO"]
[Date "2000.04.14"]
[Round "4"]
[White "Gallagher, Joseph"]
[Black "Forster, Richard"]
[Result "1-0"]
[WhiteElo "2558"]
[BlackElo "2462"]
[EventDate "2000.04.11"]
[PlyCount "63"]

1.e4 c5 2.Nf3 d6 3.d4 cxd4 4.Nxd4 Nf6 5.Nc3 a6 6.Be3 e5 7.Nb3 Be7 8.Qd2 
O-O 9.f3 Nbd7 10.g4 b5 11.g5 b4 12.gxf6 bxc3 13.Qd5 Bxf6 14.Qxa8 cxb2 15.
Rb1 Qc7 16.Qd5 Qxc2 17.Nd2 Bh4+ 18.Ke2 Qc3 19.Qc4 Qa3 20.Qb3 Qa5 21.Rxb2 
Nc5 22.Qb4 Qc7 23.Kd1 Bd7 24.Bc4 Na4 25.Rc2 Qd8 26.Rg1 Qf6 27.Qb7 Qe7 28.
Ke2 d5 29.Qxd5 Be6 30.Qc6 Bd7 31.Qxa6 Kh8 32.Bb5 1-0

[Event "zonal 1.2"]
[Site "Pula CRO"]
[Date "2000.04.14"]
[Round "4"]
[White "Zaja, Ivan"]
[Black "Dizdarevic, Emir"]
[Result "1-0"]
[WhiteElo "2452"]
[BlackElo "2520"]
[EventDate "2000.04.11"]
[PlyCount "49"]

1.d4 d6 2.e4 Nf6 3.f3 c5 4.Bb5+ Bd7 5.Bxd7+ Nbxd7 6.Ne2 cxd4 7.Qxd4 e6 8.
Nbc3 a6 9.b3 Rc8 10.Bb2 Be7 11.g4 Qa5 12.h4 d5 13.g5 dxe4 14.gxf6 Bxf6 15.
Qe3 exf3 16.Qxf3 O-O 17.O-O-O Rc7 18.Rhg1 Be5 19.Rd3 Rfc8 20.Rgd1 Nf8 21.
Kb1 Rc6 22.Nd5 Rxc2 23.Ne7+ Kh8 24.Nd4 Rxb2+ 25.Kxb2 1-0

[Event "zonal 1.2"]
[Site "Pula CRO"]
[Date "2000.04.14"]
[Round "4"]
[White "Pelletier, Yannick"]
[Black "Weinzettl, Ernst"]
[Result "1/2-1/2"]
[WhiteElo "2478"]
[BlackElo "2402"]
[EventDate "2000.04.11"]
[PlyCount "97"]

1.d4 Nf6 2.Nf3 d5 3.c4 e6 4.Nc3 c5 5.cxd5 exd5 6.g3 Nc6 7.Bg2 Be7 8.O-O 
O-O 9.Bg5 c4 10.Ne5 Be6 11.Nxc6 bxc6 12.b3 Qa5 13.Na4 Rfd8 14.e3 Rac8 15.
Bxf6 gxf6 16.Qh5 c5 17.dxc5 Bxc5 18.Rfd1 c3 19.Rac1 Bb4 20.Rd4 c2 21.Rh4 
Kf8 22.Qxh7 Ke7 23.Rxc2 f5 24.Re2 Bc3 25.Qh6 Bf6 26.Rd4 Rc1+ 27.Bf1 Qc7 
28.Rdd2 f4 29.Qxf4 Rxf1+ 30.Kg2 Rg1+ 31.Kf3 Qxf4+ 32.Kxf4 Rh8 33.e4 dxe4 
34.Rxe4 Rxh2 35.Nc5 Bg7 36.Nxe6 fxe6 37.Rde2 Rh6 38.Ra4 e5+ 39.Kg5 a6 40.
Rxe5+ Bxe5 41.Kxh6 Rg2 42.Rxa6 Rxf2 43.g4 Rg2 44.Kg5 Bd6 45.a4 Bc5 46.Kf5 
Kd7 47.Ra5 Be3 48.Rd5+ Kc6 49.Rb5 1/2-1/2

[Event "zonal 1.2"]
[Site "Pula CRO"]
[Date "2000.04.14"]
[Round "4"]
[White "Jakubovic, Nedzad"]
[Black "Ekstrom, Roland"]
[Result "1/2-1/2"]
[WhiteElo "2368"]
[BlackElo "2498"]
[EventDate "2000.04.11"]
[PlyCount "141"]

1.e4 c5 2.Nc3 Nc6 3.f4 g6 4.Nf3 Bg7 5.Bc4 e6 6.f5 Nge7 7.fxe6 fxe6 8.d3 d5
9.Bb3 b5 10.a4 b4 11.Nb1 O-O 12.O-O Na5 13.Nbd2 Qb6 14.Kh1 Nxb3 15.Nxb3 c4
16.a5 Qc7 17.Nbd4 e5 18.Ng5 Bg4 19.Ndf3 d4 20.Bd2 Rab8 21.Qe1 h6 22.Qh4 
Qd7 23.Nxe5 hxg5 24.Rxf8+ Rxf8 25.Qxg4 Qxg4 26.Nxg4 c3 27.bxc3 dxc3 28.
Bxg5 Nc6 29.Be3 b3 30.cxb3 c2 31.Rc1 Nxa5 32.Rxc2 Rf1+ 33.Bg1 Bd4 34.Nf2 
Nxb3 35.g3 a5 36.Kg2 Rb1 37.Rc8+ Kf7 38.Nh3 Rb2+ 39.Kf3 a4 40.Bxd4 Nxd4+ 
41.Ke3 Nc2+ 42.Kd2 Nd4+ 43.Ke3 Nc2+ 44.Kd2 Nb4+ 45.Kc3 Rc2+ 46.Kxb4 Rxc8 
47.Kxa4 Rc2 48.Ng5+ Kf6 49.h4 Rc3 50.d4 Rc4+ 51.Kb3 Rxd4 52.Kc3 Ra4 53.Kd3
Ra3+ 54.Ke2 Rxg3 55.Nf3 Rg4 56.Ke3 Kg7 57.Kd4 Kh6 58.Kd3 Kh5 59.Ke3 Rg3 
60.Kf4 Rg2 61.e5 Rg4+ 62.Ke3 Ra4 63.e6 Ra6 64.Nd4 Kxh4 65.e7 Ra8 66.Ke4 
Re8 67.Nc6 g5 68.Ke5 g4 69.Kf6 g3 70.Nd4 g2 71.Ne2 1/2-1/2

[Event "zonal 1.2"]
[Site "Pula CRO"]
[Date "2000.04.14"]
[Round "4"]
[White "Feletar, Darko"]
[Black "Golubovic, Boris"]
[Result "1-0"]
[WhiteElo "2410"]
[BlackElo "2449"]
[EventDate "2000.04.11"]
[PlyCount "186"]

1.c4 c5 2.Nf3 g6 3.d4 Bg7 4.e4 Qb6 5.Nc3 cxd4 6.Nd5 Qd8 7.Nxd4 Nf6 8.Nc3 
O-O 9.Be2 Nc6 10.Be3 d6 11.O-O Bd7 12.Qd2 Nxd4 13.Bxd4 Bc6 14.f3 Qa5 15.
Rac1 Rfc8 16.Rfd1 Nd7 17.Be3 Nc5 18.Bf1 Qb4 19.Nd5 Qxd2 20.Rxd2 Bxd5 21.
cxd5 a5 22.Rdc2 h5 23.g3 Kh7 24.Kg2 b6 25.f4 Rf8 26.Kf3 f5 27.exf5 Rxf5 
28.Ke2 Rff8 29.b3 Bf6 30.h4 Kg7 31.Bg2 Ra7 32.Rf1 Raa8 33.Kf3 Ra7 34.Bh3 
Rh8 35.Kg2 Raa8 36.Rb1 Ra7 37.Kf3 Rb8 38.Bf1 b5 39.Bxc5 dxc5 40.Rxc5 b4 
41.Re1 a4 42.Bc4 axb3 43.Bxb3 Rd7 44.Re6 Rbd8 45.Rb5 Rc7 46.Rxb4 Rc3+ 47.
Re3 Rdc8 48.Re4 Rc1 49.Re1 R1c3+ 50.R4e3 Bd4 51.Rxc3 Rxc3+ 52.Kg2 Bc5 53.
Re2 Bd6 54.Rc2 Rd3 55.Bc4 Re3 56.Re2 Rc3 57.Bb5 Ra3 58.Rf2 Kf6 59.Bc4 Rc3 
60.Bb3 Rd3 61.Rc2 Bb4 62.Bc4 Re3 63.Re2 Rc3 64.Bb5 Kf7 65.a4 Ra3 66.Re5 
Bd6 67.Rg5 Ra2+ 68.Kh3 Ra3 69.f5 gxf5 70.Rxf5+ Kg6 71.Rg5+ Kf6 72.Be8 Bf4 
73.Rg8 Bd6 74.Bxh5 Rxa4 75.Bg4 Ra1 76.Be6 Bc5 77.Kg4 Rh1 78.Kh5 Rh2 79.
Rf8+ Ke5 80.Rf3 Ke4 81.Rf4+ Ke5 82.Kg6 Rg2 83.Rg4 Be3 84.h5 Rf2 85.Kg7 Rh2
86.Rh4 Rg2 87.g4 Bg5 88.Rh1 Bf6+ 89.Kg6 Kd6 90.h6 Rb2 91.g5 Rg2 92.Rh5 Rg3
93.Kf5 Be5 1-0

[Event "zonal 1.2"]
[Site "Pula CRO"]
[Date "2000.04.14"]
[Round "4"]
[White "Nedev, Trajce"]
[Black "Bosnjak, Damir"]
[Result "1-0"]
[WhiteElo "2483"]
[BlackElo "2000"]
[EventDate "2000.04.11"]
[PlyCount "51"]

1.e4 c6 2.d4 d5 3.Nd2 dxe4 4.Nxe4 Bf5 5.Ng3 Bg6 6.Bc4 e6 7.N1e2 Bd6 8.O-O 
Qc7 9.Bb3 Nf6 10.c4 O-O 11.c5 Bxg3 12.hxg3 e5 13.dxe5 Qxe5 14.Bf4 Qxb2 15.
Bd6 Re8 16.Nf4 Ne4 17.Nxg6 hxg6 18.Qg4 Qf6 19.Rad1 Na6 20.Rd3 Qf5 21.Qd1 
Nf6 22.Bxf7+ Kh7 23.g4 Nxg4 24.Rf3 Qd7 25.Bxg6+ Kh8 26.Bf5 1-0

[Event "zonal 1.2"]
[Site "Pula CRO"]
[Date "2000.04.15"]
[Round "5"]
[White "Hulak, Krunoslav"]
[Black "Beliavsky, Alexander"]
[Result "0-1"]
[WhiteElo "2495"]
[BlackElo "2640"]
[EventDate "2000.04.11"]
[PlyCount "46"]

1.g3 d5 2.Bg2 e5 3.Nf3 e4 4.Nd4 c5 5.Nb3 c4 6.Nd4 Bc5 7.c3 Nc6 8.Nxc6 bxc6
9.b3 cxb3 10.axb3 h5 11.Ba3 Bb6 12.h4 Nh6 13.d4 e3 14.f4 Bg4 15.Qd3 Nf5 
16.O-O Rh6 17.c4 dxc4 18.Qe4+ Kd7 19.Nc3 Nxg3 20.Qc2 Bf5 21.Qc1 Nxf1 22.
Kxf1 Bxd4 23.Qd1 Ke8 0-1

[Event "zonal 1.2"]
[Site "Pula CRO"]
[Date "2000.04.15"]
[Round "5"]
[White "Lutz, Christopher"]
[Black "Pavasovic, Dusko"]
[Result "1/2-1/2"]
[WhiteElo "2587"]
[BlackElo "2544"]
[EventDate "2000.04.11"]
[PlyCount "71"]

1.e4 e5 2.Nf3 Nf6 3.Nxe5 d6 4.Nf3 Nxe4 5.d4 d5 6.Bd3 Nc6 7.O-O Be7 8.c4 
Nf6 9.Nc3 Be6 10.cxd5 Nxd5 11.Re1 O-O 12.a3 Bf6 13.Be4 h6 14.Qd3 Nxc3 15.
bxc3 Bd5 16.Bf4 Ne7 17.c4 Bxe4 18.Qxe4 Ng6 19.Be5 c6 20.Rab1 Qd7 21.Bxf6 
gxf6 22.Nh4 Rfe8 23.Qf5 Rxe1+ 24.Rxe1 Re8 25.Rf1 Qe6 26.Qxe6 Rxe6 27.Nf5 
Ne7 28.Ne3 Rd6 29.Rd1 b5 30.cxb5 cxb5 31.Kf1 Kf8 32.Ke2 Nd5 33.Nxd5 Rxd5 
34.Kd3 Rd6 35.Rb1 Rb6 36.Rc1 1/2-1/2

[Event "zonal 1.2"]
[Site "Pula CRO"]
[Date "2000.04.15"]
[Round "5"]
[White "Forster, Richard"]
[Black "Smirin, Ilia"]
[Result "1/2-1/2"]
[WhiteElo "2462"]
[BlackElo "2665"]
[EventDate "2000.04.11"]
[PlyCount "107"]

1.Nf3 Nf6 2.c4 g6 3.g3 Bg7 4.Bg2 O-O 5.Nc3 d6 6.O-O Nc6 7.d3 h6 8.Rb1 e5 
9.b4 Be6 10.Nd2 Qc8 11.Nd5 Bh3 12.b5 Bxg2 13.bxc6 Bxd5 14.cxd5 bxc6 15.
dxc6 Qa6 16.Rb7 Qxc6 17.Qb3 Nd7 18.Qb5 Qxb5 19.Rxb5 Rfb8 20.Ra5 Kf8 21.Ba3
Ke8 22.Ne4 Nb6 23.g4 Nc8 24.f4 exf4 25.Rxf4 Rb1+ 26.Kg2 Rab8 27.Ra4 Ra1 
28.Bb4 Be5 29.Nf6+ Kd8 30.Rf3 Ne7 31.a3 Ra2 32.Kf1 Rb7 33.Ne4 f5 34.gxf5 
Nxf5 35.Bc3 Rb1+ 36.Kf2 Rh1 37.Bxe5 dxe5 38.Rh3 Raa1 39.Ng3 Nxg3 40.Kxg3 
h5 41.Kf3 Ra2 42.Kf2 Rha1 43.Rxa7 Rxa3 44.Rxa3 Rxa3 45.Re3 Ra5 46.Rg3 Ra6 
47.Rg5 Re6 48.Ke3 Ke7 49.Ke4 Kf6 50.h4 Re8 51.e3 Re6 52.Rg1 Rc6 53.Rf1+ 
Ke6 54.Rg1 1/2-1/2

[Event "zonal 1.2"]
[Site "Pula CRO"]
[Date "2000.04.15"]
[Round "5"]
[White "Palac, Mladen"]
[Black "Hickl, Jorg"]
[Result "1/2-1/2"]
[WhiteElo "2571"]
[BlackElo "2556"]
[EventDate "2000.04.11"]
[PlyCount "84"]

1.e4 g6 2.d4 Bg7 3.Nc3 d6 4.Be3 a6 5.f4 b5 6.Be2 b4 7.Nb1 Bb7 8.Bf3 Nd7 9.
e5 Qc8 10.Nd2 Rb8 11.Qe2 Nh6 12.Bxb7 Qxb7 13.Ngf3 O-O 14.O-O Qb5 15.Qxb5 
Rxb5 16.h3 Rc8 17.Bf2 Nb6 18.a4 bxa3 19.b3 a5 20.c4 Rb4 21.Ne1 Nd7 22.Rxa3
c5 23.Nd3 Rb7 24.Rxa5 cxd4 25.Bxd4 Nf5 26.Bc3 dxe5 27.fxe5 Bh6 28.Ra3 Nc5 
29.Nxc5 Be3+ 30.Kh2 Bxc5 31.Ra5 Be3 32.Ra3 Rd7 33.Ne4 Rd3 34.Raa1 Nd4 35.
Rfd1 Rxd1 36.Rxd1 Nxb3 37.Rd3 Bh6 38.Bb4 Nc1 39.Rd1 Na2 40.Bxe7 Bf4+ 41.g3
Bxe5 42.Rd5 Bg7 1/2-1/2

[Event "zonal 1.2"]
[Site "Pula CRO"]
[Date "2000.04.15"]
[Round "5"]
[White "Gabriel, Christian"]
[Black "Slobodjan, Roman"]
[Result "1/2-1/2"]
[WhiteElo "2564"]
[BlackElo "2566"]
[EventDate "2000.04.11"]
[PlyCount "46"]

1.d4 d5 2.c4 c6 3.Nf3 Nf6 4.Nc3 a6 5.Qb3 dxc4 6.Qxc4 b5 7.Qd3 e6 8.Bg5 c5 
9.a4 cxd4 10.Nxd4 bxa4 11.Rd1 Bb7 12.Qc4 Nbd7 13.Qxa4 Qb6 14.Bxf6 gxf6 15.
e3 Rd8 16.Rd2 Bb4 17.f3 Ke7 18.Be2 Nc5 19.Qc2 f5 20.O-O Rd7 21.Rfd1 Rhd8 
22.Kh1 Ke8 23.Bc4 Ke7 1/2-1/2

[Event "zonal 1.2"]
[Site "Pula CRO"]
[Date "2000.04.15"]
[Round "5"]
[White "Huzman, Alexander"]
[Black "Sermek, Drazen"]
[Result "1/2-1/2"]
[WhiteElo "2574"]
[BlackElo "2517"]
[EventDate "2000.04.11"]
[PlyCount "25"]

1.d4 Nf6 2.Nf3 c5 3.e3 g6 4.dxc5 Qa5+ 5.Nbd2 Bg7 6.a3 Qxc5 7.b4 Qc7 8.Bb2 
O-O 9.c4 b6 10.Be2 Bb7 11.Rc1 d6 12.O-O Nbd7 13.Qb3 1/2-1/2

[Event "zonal 1.2"]
[Site "Pula CRO"]
[Date "2000.04.15"]
[Round "5"]
[White "Avrukh, Boris"]
[Black "Zaja, Ivan"]
[Result "1/2-1/2"]
[WhiteElo "2620"]
[BlackElo "2452"]
[EventDate "2000.04.11"]
[PlyCount "90"]

1.d4 Nf6 2.c4 e6 3.Nc3 Bb4 4.e3 O-O 5.Ne2 d5 6.a3 Be7 7.cxd5 Nxd5 8.Nxd5 
exd5 9.g3 a5 10.Bg2 c6 11.O-O Na6 12.Qc2 Nc7 13.Bd2 Nb5 14.f3 Nd6 15.Rad1 
f5 16.Nc3 Bf6 17.Rfe1 Be6 18.Na4 Bf7 19.Nc5 Re8 20.a4 g5 21.Bc3 Bg6 22.Qb3
b6 23.Nd3 Nf7 24.Nf2 Ra7 25.e4 fxe4 26.fxe4 dxe4 27.Nxe4 Bxe4 28.Rxe4 Rxe4
29.Bxe4 Rd7 30.Bxc6 Rd6 31.Be4 Bxd4+ 32.Bxd4 Rxd4 33.Bxh7+ Kxh7 34.Qxf7+ 
Kh6 35.Rf1 Rd1 36.Qe6+ Kg7 37.Qe3 Qd4 38.Qxd4+ Rxd4 39.b3 Kg6 40.Re1 Rb4 
41.Re6+ Kh5 42.Re3 b5 43.axb5 Rxb5 44.h3 Kg6 45.g4 Rb4 1/2-1/2